| 000 | 01038cam a22002895a 4500 | ||
|---|---|---|---|
| 001 | 16485355 | ||
| 005 | 20160802101810.0 | ||
| 008 | 101001s2012 nju frb 001 0 eng d | ||
| 010 | _a 2010042387 | ||
| 020 | _a0205101968 | ||
| 020 | _a9780205101962 | ||
| 040 |
_aDLC _beng _cDLC _dEG-ScBUE |
||
| 042 | _apcc | ||
| 082 | 0 | 4 |
_222 _a340.115 _bVAG |
| 100 | 1 |
_aVago, Steven. _940614 |
|
| 245 | 1 | 0 |
_aLaw and society / _cSteven Vago. |
| 250 | _a10th ed., International ed. | ||
| 260 |
_aUpper Saddle River, New Jersey : _bPrentice Hall, _cc.2012. |
||
| 300 |
_axv, 460 p. ; _c23 cm. |
||
| 500 | _aIndex : p. 443-460. | ||
| 504 | _aIncludes bibliographical references. | ||
| 505 | 0 | _aTheoretical perspectives -- The organization of law -- Lawmaking -- Law and social control -- Law and dispute resolution -- Law and social change -- The legal profession -- Researching law in society. | |
| 650 | 7 |
_aSociological jurisprudence _2BUEsh _940613 |
|
| 651 | _2BUEsh | ||
| 653 |
_bLLAAWW _cAugust 2016 |
||
| 942 |
_2ddc _e22 _k340.115 VAG |
||
| 999 |
_c22097 _d22069 |
||